Ten Busiest Airports by Continent - Statistics

General Stats
  • This quiz has been taken 77 times
  • The average score is 39 of 60
Answer Stats
Continent Answer % Correct
Africa Cairo
94%
Europe London
92%
Europe London
92%
Oceania Sydney
92%
Europe Paris
90%
Africa Cape Town
89%
Africa Johannesburg
89%
North America Los Angeles
89%
Oceania Melbourne
89%
Asia Tokyo
87%
Asia Beijing
85%
Oceania Perth
85%
Oceania Auckland
84%
North America New York City
84%
Oceania Brisbane
82%
North America Chicago
82%
Europe Madrid
82%
Europe Amsterdam
77%
North America Atlanta
77%
Africa Casablanca
77%
Africa Nairobi
77%
Asia Shanghai
77%
Oceania Adelaide
76%
Europe Moscow
74%
South America São Paulo
74%
South America São Paulo
74%
South America Buenos Aires
71%
South America Buenos Aires
71%
Asia Hong Kong
71%
South America Rio de Janeiro
71%
Asia Seoul
71%
Asia Delhi
69%
Europe Istanbul
69%
Asia Singapore
69%
South America Bogotá
68%
Europe Frankfurt
68%
North America San Francisco
68%
Europe Barcelona
66%
North America Toronto
66%
Africa Addis Ababa
65%
North America Dallas
63%
Asia Dubai
63%
South America Lima
61%
Africa Algiers
56%
South America Santiago
55%
Asia Guangzhou
50%
North America Seattle
50%
South America Brasília
48%
Oceania Christchurch
48%
Asia Jakarta
47%
North America Denver
45%
Europe Munich
42%
North America Las Vegas
40%
Oceania Gold Coast
37%
South America Belo Horizonte
24%
Africa Hurghada
16%
Oceania Honolulu
13%
Oceania Kahului
5%
Africa Gran Canaria
3%
Africa Tenerife South
0%
No matching quizzes found
Score Distribution
Percent of People with Each Score
Percentile by Number Answered
Your Score History
You have not taken this quiz